Türkei-Quiz - Statistiken

Allgemein
  • Dieses Quiz wurde 5.151 mal gespielt
  • Das Durchschnittsergebnis liegt bei 12 aus 20
Antwortstatistiken
Frage Antwort % Korrekt
Hauptstadt der Türkei Ankara
100%
Größte Stadt der Türkei Istanbul
99%
Währung der Türkei Türkische Lira
90%
Ehemaliges Reich, das 1923 aufgelöst wurde Osmanisches Reich
88%
Vier Meere, die an die Türkei grenzen Schwarzes Meer
85%
Alter Name dieser Stadt Konstantinopel / Byzanz
84%
Vater der modernen Türkei Mustafa Kemal Atatürk
81%
Vier Meere, die an die Türkei grenzen Mittelmeer
73%
Fleisch, das auf einem senkrechten Spieß zubereitet wird Döner {Kebab}
72%
Zweitgrößte Ethnie Kurden
59%
Titel des Herrschers dieses Reichs Sultan
53%
Drittgrößte Stadt, ehemals als "Smyrna" bekannt İzmir
48%
Gängiger Name der Sultan-Ahmed-Moschee {Blaue} Moschee
42%
Würfelförmige Süßigkeit aus gehackten Datteln, Nüssen und Sirup Lokum
41%
Vier Meere, die an die Türkei grenzen Ägäisches Meer
40%
Höchster Berg der Türkei Ararat
31%
Ein Nazar-Amulett soll dagegen Schutz bieten Böser {Blick}
31%
Vier Meere, die an die Türkei grenzen Marmarameer
30%
Halbinsel, auf der sich der Großteil der Türkei befindet Anatolien
29%
Titel des Oberhaupts der Ost-Orthodoxen Kirche Ökumenischer Patriarch
13%
Keine übereinstimmenden Quizze gefunden
Verteilung der Resultate
Anzahl Personen mit jedem Resultat
Perzentil nach korrekt beantworteten Fragen
Ihre Resultats-Entwicklung
Sie haben dieses Quiz noch nicht gespielt